000 00476nam a2200181Ia 4500
008 240925s9999 xx 000 0 und d
020 _aNA
082 _a005.71RAJ
100 _aA. Q.R. Rajput,
245 0 _aData Communication
250 _aNA
260 _aHyderabad:
_bNaseem B.D
_c,2002.
300 _axiv,650p.
_bNA
_fPhotocopy
500 _aIncludes Index
600 _aEngineering Technology
650 _aComputer science, information & general works
942 _cBK
999 _c6990
_d6990